000 01114nam1a22002411i 4500
001 rc\3133133
005 20260407023550.0
035 _a(NLR Aleph) 007315552
090 _a5855235
_c5855235
100 _a20120615g1975 |||y0rusy50 ca
101 0 _arus
102 _aRU
105 _a z |||||
200 1 _aРуководство по обработке планово-высотного обоснования съемок для мелиоративных работ
_fРесп. гос. ин-т по проектированию водохоз. и мелиор. стр-ва "Росгипроводхоз"
210 _aМосква
_cБ. и.
_d1975-
215 _d21
606 _aГеодезические съемки
_xОбработка камеральная
_2psbo
606 _aМелиоративное строительство
_xГеодезическое обслуживание
_2psbo
712 0 2 _a"Росгипроводхоз", институт
_cМосква
_3RU\NLR\AUTH\8810008990
_9515710
801 0 _aRU
_bNLR
_gpsbo
801 1 _aRU
_bELAR
_2rusmarc
852 _aNLR
_j76-5/3369
942 _cBOOK